000
00274nam a22001217a 4500
008
181206b xxu||||| |||| 00| 0 eng d
041
_a
eng
080
_a
612.39
100
_a
9
101
_a
NUT
245
_a
Nutrition Therapy Pathophysiology
_c
Nelms.M
942
_2
udc
_c
BK
999
_c
52974
_d
52974